Placez les pays d'Amérique du sud sur une carte - Statistiques

Statistiques générales
  • Ce quiz a été pris 1 161 fois
  • Le résultat moyen est 10 sur 12
Réponses sur la Carte
Les réponses sont colorées sur une échelle allant du rouge au vert en fonction du pourcentage des utilisateurs qui les ont devinées à leur premier essai. Vous pouvez retrouver ces pourcentages ci-dessous.
 
Statistiques - réponses
Réponse % Correct
Brésil
93%
Argentine
88%
Chili
87%
Colombie
83%
Pérou
82%
Équateur
81%
Venezuela
81%
Bolivie
78%
Paraguay
77%
Uruguay
77%
Suriname
74%
Guyana
71%
Aucun quiz correspondant
Distribution des résultats
% des personnes avec chaque résultat
Percentile par nombre de réponses
Votre historique - résultats
Vous n’avez pas pris ce quiz